Ruská federace

Dokonč. z čísla 30/96. Mzdy, ceny a životná úroveň. Pracovné sily. Obchodné prognózy. Trhové komodity - spotrebný tovar, elektrárenské systémy, zariadenia na kontrolu znečistenia, lietadlá a súčiastky, zariadenia pre ťažbu plynu a ropy, osobné počítače a periférne zariadenia, telekomunikačné zariade...

Full description

Saved in:
Bibliographic Details
Main Author: Kubizňák, Ladislav
Other Authors: Zunová, Lidija
Format: Book Chapter
Language:Czech
Subjects:
Tags: Add Tag
No Tags, Be the first to tag this record!

MARC

LEADER 00000naa a2200000 4500
001 r021501
005 20230920092013.3
041 0 |a cze 
044 |a CZ 
245 1 0 |a Ruská federace  |c L. Kubizňák, Lidija Zunová 
520 |a Dokonč. z čísla 30/96. Mzdy, ceny a životná úroveň. Pracovné sily. Obchodné prognózy. Trhové komodity - spotrebný tovar, elektrárenské systémy, zariadenia na kontrolu znečistenia, lietadlá a súčiastky, zariadenia pre ťažbu plynu a ropy, osobné počítače a periférne zariadenia, telekomunikačné zariadenia, odevy, lekárske zariadenia, zariadenia na spracovanie a balenie potravín, lesné a drevospracujúce zariadenia, informačné služby, zariadenia pre kancelárie, stavebné materiály, architektonické, projekčné a stavebné služby. Doprava, spoje. 
610 2 0 |a mzdy 
610 2 0 |a ceny 
610 2 0 |a úroveň životná 
610 2 0 |a sily pracovné 
610 2 0 |a obchod zahraničný 
610 2 0 |a komodity 
610 2 0 |a doprava 
610 2 0 |a spoje 
610 2 0 |a Rusko 
100 1 |a Kubizňák, Ladislav 
700 1 |a Zunová, Lidija